000 00463nam a22001697a 4500
003 NUST - PNEC
005 20170116181141.0
008 151008b xxu||||| |||| 00| 0 eng d
020 _a8120322657
040 _cLIBRARY
082 _a670.427 BEQ
100 _914669
_aBequette, B. Wayne
245 _aProcess control : modeling, design, and simulation
_cWayne Bequette, B.
260 _cc2003.
650 _914670
_aMathematical models
_xME
942 _2ddc
_cBK
999 _c70496
_d70496